UBT Library

Olympic equestrian : (Record no. 39337)

000 -LEADER
fixed length control field 00812cam a22002777a 4500
001 - CONTROL NUMBER
control field 15106789
005 - DATE AND TIME OF LATEST TRANSACTION
control field 20171222071927.0
008 - FIXED-LENGTH DATA ELEMENTS--GENERAL INFORMATION
fixed length control field 071210s2008 kyua b 001 0 eng
010 ## - LIBRARY OF CONGRESS CONTROL NUMBER
LC control number 2007942968
020 ## - INTERNATIONAL STANDARD BOOK NUMBER
International Standard Book Number 9781581501797
020 ## - INTERNATIONAL STANDARD BOOK NUMBER
International Standard Book Number 158150179X
035 ## - SYSTEM CONTROL NUMBER
System control number (OCoLC)ocn227815052
040 ## - CATALOGING SOURCE
Original cataloging agency SJL
Transcribing agency SJL
Modifying agency ABG
-- DLC
041 ## - LANGUAGE CODE
Language code of text/sound track or separate title eng
042 ## - AUTHENTICATION CODE
Authentication code lccopycat
080 ## - UNIVERSAL DECIMAL CLASSIFICATION NUMBER
Universal Decimal Classification number 798.209 JEN
082 04 - DEWEY DECIMAL CLASSIFICATION NUMBER
Classification number 798.209 JEN
Edition number 22
100 1# - Rafti
Rafti 17
101 ## - Shkurtesa
Shkurtesa HIS
245 10 - TITLE STATEMENT
Title Olympic equestrian :
Statement of responsibility, etc Jennifer O. Bryant.
504 ## - BIBLIOGRAPHY, ETC. NOTE
Bibliography, etc Includes bibliographical references (p. 258-260) and index.
906 ## - LOCAL DATA ELEMENT F, LDF (RLIN)
a 7
b cbc
c copycat
d 2
e ncip
f 20
g y-gencatlg
942 ## - ADDED ENTRY ELEMENTS (KOHA)
Source of classification or shelving scheme
Item type Books
Holdings
Withdrawn status Lost status Source of classification or shelving scheme Damaged status Not for loan Permanent location Current location Date acquired Total Checkouts Full call number Barcode Date last seen Price effective from Koha item type
          UBT - Lipjan UBT - Lipjan 12/22/2017   798.209 JEN 002-2939862 12/22/2017 12/22/2017 Books
UBT Library © 2015-2024. All rights reserved University Education for Business and Technology